Acteurs ayant interprété le rôle d'un Commissaire de Police au cinéma ou à la TV - Statistiques

Statistiques générales
  • Ce quiz a été pris 322 fois
  • Le résultat moyen est 15 sur 27
Statistiques - réponses
Commissaire Prénom Nom de l'acteur % Correct
Juve dans Fantomas Louis de Funès
91%
Stanislas Borrowitz dans Flic ou voyou Jean Paul Belmondo
88%
Letellier dans Peur sur la ville Jean Paul Belmondo
88%
Navarro Roger Hanin
83%
Julie Lescaut Veronique Genest
82%
Frank Riva Alain Delon
78%
Fabio Montale Alain Delon
78%
Maigret ( 3 films en1958-1959-1963) Jean Gabin
77%
Joss dans Le Pacha Jean Gabin
77%
Moulin Yves Rénier
77%
Cordier Pierre Mondy
73%
Laviolette Victor Lanoux
67%
David Lansky Johnny Hallyday
65%
Maigret (1991-2005) Bruno Cremer
64%
Emmanuelle Barsac dans Tristan Mathilde Seigner
64%
est Commissaire dans les sous doués de Zidi Michel Galabru
59%
Mattei dans le cercle rouge André Bourvil
48%
Valence Bernard Tapie
44%
Maigret (1967-1990) Jean Richard
41%
Diane Isabel Otero
38%
Marie Saint Georges (quai n°1) Sophie Duez
33%
Bourrel Raymond Souplex
33%
Magellan Jacques Spiesser
24%
Valentin (les brigades du tigre) Jean Claude Bouillon
21%
Montalbano Luca Zingaretti
2%
Winter Johan Gry
0%
Brunetti Julia Jäger
0%
Aucun quiz correspondant
Distribution des résultats
% des personnes avec chaque résultat
Percentile par nombre de réponses
Votre historique - résultats
Vous n’avez pas pris ce quiz